| 000 | 01562nam a22003017a 4500 | ||
|---|---|---|---|
| 001 | 49836 | ||
| 003 | DR-UNIBE | ||
| 005 | 20250901091102.0 | ||
| 008 | 200306b2019 sp ||||| |||| 00| 0 spa d | ||
| 040 |
_aBIBLIOTECA UNIBE _cBIBLIOTECA UNIBE |
||
| 041 | _aspa | ||
| 090 | _aFBIU-OEPLI NF L776 2018 | ||
| 245 |
_aLiteratura infantil y juvenil de España : selección OEPLI, 2018 = Children´s and Young Literature from Spain: OEPLIs selection, 2018 / _cLlerena Perozo Porteiro y Alicia Lombán Pazos ; revisión editorial: Mercedes Pacheco Vázquez ; traducción: Roi Pérez Vila ; maquetación: Nieves Ozores Núñez ; producción: Ana Cedán Doce ; introducción; Xosé A. Perozo : ilustración de cubierta: Paloma Corral |
||
| 260 |
_aMadrid : _bOrganización Española para el Libro Infantil y Juvenil (OEPLI), _c2019 |
||
| 300 |
_a108 páginas : _bfotos ; _c21 x 21 cm |
||
| 500 | _aincluye índice. La ilustradora es Premio Lazarillo de Album Ilustrado 2018 | ||
| 653 | _aLiteratura infantil española - Catálogos | ||
| 653 | _aLiteratura juvenil española - Catálogos | ||
| 653 | _aPromocion de la lectura - España | ||
| 700 |
_aPerozo Porteira, Llerena _ecoordinador y editor _962093 |
||
| 700 |
_aLombán Pazos, Alicia _ecoordinador y editor _962094 |
||
| 700 |
_aPacheco Vázquez, Mercedes _ecorrector _9198816 |
||
| 700 |
_aPérez Vila, Roi _etraductor _962097 |
||
| 700 |
_aOzores Núñez, Nieves _emaquetador _962087 |
||
| 700 |
_aCendán Doce, Ana _eProductor _962088 |
||
| 700 |
_aPerozo, Xosé A. _eintroducción _962090 |
||
| 942 |
_2ddc _cBK |
||
| 999 |
_c49836 _d49836 |
||